000 00795cam a2200241 a 4500
001 000014348
005 20200929163602.0
008 810824s1981 ilua 001 0 eng d
020 _a0256024952
040 _aDO-SdBNP
_cDLC
_dDLC
_dBNPHU
082 _a338.502458
_bM454m
100 1 _aMaurice, S. Charles.
_932383
245 1 0 _aManagerial economics /
_cS. Charles Maurice, Charles W. Smithson.
260 _aHomewood, Illinois. :
_bRichard D. Irwin,
_c1981.
300 _axvi, 474 p. :
_bill. ;
_c24 cm.
490 1 _aThe Irwin publications in economics
500 _aIncludes index.
650 4 _aEconomía gerencial
_98305
700 1 _aSmithson, C. W.
_q(Charles W.)
_932384
830 4 _aThe Irwin publications in economics
_932385
910 _aCatalogación derivada
049 _aBNGR
999 _c13940
_d13940